书目信息 |
| 题名: |
教育政策基础
|
|
| 作者: | 英博 ;史明洁 译 | |
| 分册: | ||
| 出版信息: | 北京 教育科学 2003 |
|
| 页数: | 333页 | |
| 开本: | 20cm | |
| 丛书名: | 教育政策学译丛 | |
| 单 册: | ||
| 中图分类: | G510 | |
| 科图分类: | ||
| 主题词: | 教育事业--世界 | |
| 电子资源: | ||
| ISBN: | 7-5041-2486-9 | |
| 000 | 00634nam0 2200217 450 | |
| 001 | 0753865015 | |
| 005 | 20070818145745.01 | |
| 010 | @a7-5041-2486-9@d¥35.00 | |
| 100 | @a20070818d km y0chiy0120 ea | |
| 101 | 0 | @achi |
| 200 | 1 | @a教育政策基础@Ajiao yu zheng ce ji chu@f(以)英博等@F(yi)ying bo deng@g史明洁译@Gshi ming jie yi |
| 210 | @a北京@c教育科学@d2003 | |
| 215 | @a333页@d20cm | |
| 225 | 2 | @a教育政策学译丛 |
| 410 | 0 | @12001 @a教育政策学译丛 |
| 606 | 0 | @a教育事业@x世界 |
| 690 | @aG510@v3 | |
| 701 | 0 | @a英博@Aying bo |
| 702 | 0 | @a史明洁@Ashi ming jie@4译 |
| 801 | 0 | @aCN@bPFT@c20070818 |
| 905 | @a213230@dG510@ee243@f1 | |
| 教育政策基础/(以)英博等/史明洁译.-北京:教育科学,2003 |
| 333页;20cm.-(教育政策学译丛) |
| ISBN 7-5041-2486-9:¥35.00 |
| ● |
| 相关链接 |
|
|
|
|
正题名:教育政策基础
索取号:G510/e243
 
预约/预借
| 序号 | 登录号 | 条形码 | 馆藏地/架位号 | 状态 | 备注 |
| 1 | 6305195 | 263051958 | 教育系资料室/ [索取号:G510/e243] | 在馆 | |
| 2 | 6305196 | 263051967 | 教育系资料室/ [索取号:G510/e243] | 在馆 | |
| 3 | 6305197 | 263051976 | 教育系资料室/ [索取号:G510/e243] | 在馆 | |
| 4 | 6305198 | 263051985 | 教育系资料室/ [索取号:G510/e243] | 在馆 | |
| 5 | 6305199 | 263051994 | 教育系资料室/ [索取号:G510/e243] | 在馆 |